000 00294nam a2200109Ia 4500
008 230907s9999||||xx |||||||||||||| ||und||
082 _a546
_bWEL
100 _aWeller, Mark T.,
_9115398
245 0 _aCharacterisation methods in inorganic chemistry /
300 _axvi, 320 pages :
942 _cBK
999 _c598317
_d598317